Cuentos de monte y río /

Guardado en:
Autor Principal: Quiroga, Horacio
Formato: Libro
Publicado: Buenos Aires : Kapelusz, 1994
Materias:
Etiquetas: Agregar Etiqueta
Sin Etiquetas, Sea el primero en etiquetar este registro!
LEADER 00888nam a22002415a 4500
001 CEM.cems017077
005 20111007122046.0
008 130507s1994##################000#0#####d
003 CEMS
020 |a 9501323110 
082 0 4 |a A868.4 
100 1 |a Quiroga, Horacio 
245 1 0 |a Cuentos de monte y río /  |c Horacio Quiroga 
260 |a Buenos Aires :  |b Kapelusz,  |c 1994 
300 |a 166 p. 
505 0 |a A la deriva -- La miel silvestre -- Una bofetada -- Anaconda -- El Yaciyateré -- En la noche -- los cascarudos -- Juan Darién -- El hombre muerto -- El techo de incienso -- Las moscas -- El hijo 
653 |a Literatura uruguaya siglo xix 
653 |a Literatura 
653 |a Cuentos 
653 |a Narrativa 
653 |a Cuentos uruguayos 
859 |a CEMS  |b BIB. CEMS - Agricultura  |h A868.4  |i Q484  |p A1546.12  |t Ej.2 
859 |a CEMS  |b BIB. CEMS - Agricultura  |h A868.4  |i Q484  |p A17804.94  |t Ej.1